LEADER 00962nam0-22003371i-450- 001 990006907300403321 005 20001010 010 $a88-420-5875-0 035 $a000690730 035 $aFED01000690730 035 $a(Aleph)000690730FED01 035 $a000690730 100 $a20001010d--------km-y0itay50------ba 101 0 $aita 105 $ay-------001yy 200 1 $a1989$eriflessioni sulla rivoluzione in Europa$elettera immaginaria a un amico di Varsavia, 1990$fRalf Dahrendorf. 205 $a4. ed. 210 $aRoma$cLaterza$d1999. 215 $a156 p.$d21 cm 225 1 $aSagittari Laterza$v42 610 0 $aEuropa - Condizioni economiche e sociali - 1989 676 $a940.55 700 1$aDahrendorf,$bRalf$f<1929-2009>$046050 801 0$aIT$bUNINA$gRICA$2UNIMARC 901 $aBK 912 $a990006907300403321 952 $aXII A 1454$b35738$fFSPBC 959 $aFSPBC 996 $a1989$9466034 997 $aUNINA DB $aGEN01 LEADER 01347nam--2200421---450- 001 990001438120203316 005 20050708174532.0 035 $a000143812 035 $aUSA01000143812 035 $a(ALEPH)000143812USA01 035 $a000143812 100 $a20040219d1972----km-y0itay0103----ba 101 $aita 102 $aIT 105 $a||||||||001yy 200 1 $aThecayroi$ericerche di topografia e di storia della pubblica amministrazione nell'Egitto greco-romano 205 $arist. anast. 210 $aMilano$cCisalpino-Goliardica$d1972 215 $a132 p.$d24 cm 225 2 $aStudi della scuola papirologica$v4.3 300 $aRipr. facs. dell'ed.: Milano, 1924 410 0$12001$aStudi della scuola papirologica$v4.3 454 1$12001 461 1$1001-------$12001 606 0 $aGranai$yEgitto antico$zSec. 4. a.C.- 6. d.C. 606 0 $aAnnona$yEgitto antico$zSec. 4. a.C.- 6. d.C. 676 $a330.932 700 1$aCALDERINI,$bAristide$0162594 801 0$aIT$bsalbc$gISBD 912 $a990001438120203316 951 $aV.1. Coll.4/ 3(VIII P coll 34/IV 3)$b72974 L.M.$cVIII P 959 $aBK 969 $aUMA 979 $aSIAV6$b10$c20040219$lUSA01$h1205 979 $aPATRY$b90$c20040406$lUSA01$h1741 979 $aCOPAT6$b90$c20050708$lUSA01$h1745 996 $aThecayroi$9935845 997 $aUNISA